C++ interactive course / (Record no. 179445)
[ view plain ]
| 000 -LEADER | |
|---|---|
| fixed length control field | 00984 a2200205 4500 |
| 003 - CONTROL NUMBER IDENTIFIER | |
| control field | Nust |
| 005 - DATE AND TIME OF LATEST TRANSACTION | |
| control field | 20170207153126.0 |
| 010 ## - LIBRARY OF CONGRESS CONTROL NUMBER | |
| LC control number | 96006765 |
| 020 ## - INTERNATIONAL STANDARD BOOK NUMBER | |
| International Standard Book Number | 8187105364 |
| 040 ## - CATALOGING SOURCE | |
| Transcribing agency | Nust |
| 082 00 - DEWEY DECIMAL CLASSIFICATION NUMBER | |
| Classification number | 005.133 |
| 100 1# - MAIN ENTRY--PERSONAL NAME | |
| Personal name | Lafore, Robert |
| 245 10 - TITLE STATEMENT | |
| Title | C++ interactive course / |
| Statement of responsibility, etc. | Robert Lafore. |
| 260 ## - PUBLICATION, DISTRIBUTION, ETC. | |
| Place of publication, distribution, etc. | Corte Madera, CA : |
| Name of publisher, distributor, etc. | Waite Group Press, |
| Date of publication, distribution, etc. | c1996. |
| 300 ## - PHYSICAL DESCRIPTION | |
| Extent | xlv, 875 p. : |
| Other physical details | ill. ; |
| Dimensions | 23 cm. + |
| Accompanying material | 1 computer laser optical disc (4 3/4 in.) |
| 505 ## - FORMATTED CONTENTS NOTE | |
| Formatted contents note | A First Look at OOP and C++ (Page-1) Writing Complete OOP Programs (Page-51) Arrays and Strings (Page-123) Functions (Page-187) Constructors (Page-243) Operator Overloading (Page-295) Inheritance (Page-357) Points (Page-425) Virtual Function and Friend Function (Page-495) Streams and Files (Page-569) Templates Exceptions (Page-641) The Standard Template Library (Page-713) |
| 538 ## - SYSTEM DETAILS NOTE | |
| System details note | Almirah No.6 Shelf No.1 |
| 650 #0 - SUBJECT ADDED ENTRY--TOPICAL TERM | |
| Topical term or geographic name entry element | C++ (Computer program language) |
| 650 #0 - SUBJECT ADDED ENTRY--TOPICAL TERM | |
| Topical term or geographic name entry element | Object-oriented programming (Computer science) |
| 942 ## - ADDED ENTRY ELEMENTS (KOHA) | |
| Source of classification or shelving scheme | |
| Koha item type | Book |
| Withdrawn status | Lost status | Source of classification or shelving scheme | Damaged status | Not for loan | Collection code | Permanent Location | Current Location | Date acquired | Total Checkouts | Full call number | Barcode | Date last seen | Price effective from | Koha item type |
|---|---|---|---|---|---|---|---|---|---|---|---|---|---|---|
| Military College of Signals (MCS) | Military College of Signals (MCS) | 12/12/2016 | 005.133 LAF | MCS30562 | 12/08/2016 | 12/12/2016 | Book |
